Lengua y Literatura: Educación Media, 4º año. Plan Común
Saved in:
| Main Authors: | , , , |
|---|---|
| Format: | Book |
| Language: | Spanish |
| Published: |
Santiago
Santillana
1994
|
| Subjects: | |
| Tags: |
Add Tag
No Tags, Be the first to tag this record!
|
MARC
| LEADER | 00000nam a2200000 a 4500 | ||
|---|---|---|---|
| 001 | UCU9158 | ||
| 003 | CL-VaPUC | ||
| 008 | 960809e19940000CL |||||||||||||||||spa|d | ||
| 020 | |a 9561503093 | ||
| 082 | 0 | 4 | |a 372.6 |b BAL |2 21 |
| 100 | 0 | |a Balart Carmona, Carmen |e author |9 481901 | |
| 700 | 0 | |a Blume Sánchez, Jaime |e author |9 481902 | |
| 700 | 0 | |a Césped, Irma |e author |9 481903 | |
| 700 | 0 | |a Reyes, Carlos F |e author |9 481904 | |
| 245 | 1 | 0 | |a Lengua y Literatura: Educación Media, 4º año. Plan Común |
| 300 | |a 287 p | ||
| 942 | |c BK | ||
| 945 | |d 19960809 00:00:00 |a nastorga | ||
| 260 | |a Santiago |b Santillana |c 1994 | ||
| 650 | 0 | |a Literatura |9 259151 | |
| 650 | 0 | |a Vocabularios |9 316229 | |
| 650 | 7 | |a LECTURAS |2 CL-VaPUC |9 374428 | |
| 650 | 7 | |a NOVELAS |2 CL-VaPUC |9 333250 | |
| 650 | 0 | |a Expresión oral |9 334815 | |
| 650 | 0 | |a Crítica literaria |9 269189 | |
| 650 | 0 | |a Poesías |9 267890 | |
| 650 | 0 | |a Ensayos |9 268724 | |
| 650 | 7 | |a TRADICION ESCRITA |2 CL-VaPUC |9 461571 | |
| 650 | 0 | |a Escritura |9 264941 | |
| 650 | 0 | |a Gramática |9 270497 | |
| 650 | 0 | |a Ortografía |9 309144 | |
| 650 | 0 | |a Sintaxis |9 318843 | |
| 650 | 0 | |a Morfología |9 334440 | |
| 650 | 0 | |a Comunicación |9 257251 | |
| 650 | 0 | |a Lingüística |9 265068 | |
| 650 | 7 | |a LIBROS DE TEXTOS |2 CL-VaPUC |9 481905 | |
| 583 | |a last modification |c 20170703 11:38:48 |k Rodrigo Vera | ||
| 999 | |c 307231 |d 307229 | ||